000 00849nam a2200301 a 4500
001 14319
003 BD-JhCC
005 20250303125208.0
008 250302b19302018e a|||| ||a| 001 0 eng d
020 _a9780241339763
035 _a(BD-JhCC)14319
040 _aBD-JhCC
_dBD-JhCC
041 _aenglish
082 _a808.83
_bGAZ 2018
100 _a Gazdanov,Gaito
245 _aFour Russian Short Stories /
_c Gaito Gazdanov, Galina Kuznetsova, Yury Felsen, Nina Berberova, Bryan Karetnyk.
260 _aNew York:
_bPenguin Books;
_c2018.
300 _a64 p. :
_c16 cm.
490 _aPenguin Modern: 21
500 _aPenguin Modern: 21
650 _aEnglish Short stories
700 _a Kuznetsova,Galina
700 _a Felsen, Yury
700 _a Berberova, Nina
700 _a Karetnyk,Bryan
942 _2ddc
_cBK
999 _c14319
_d14319